000
00356nam a2200145Ia 4500
008
230128s9999 xx 000 0 und d
041
_a
eng
082
_a
RAI PR0215
_b
RAI
100
_a
Rairikar S S
_9
118945
245
_a
Health Club System
250
_a
2K41034
260
_c
2006
_b
Pune University
_a
Pune
502
_c
Surya Ramdas
999
_c
97243
_d
97243